000
00301nam a2200121Ia 4500
008
190216s9999||||xx |||||||||||||| ||und||
100
_a
Raymond B Seymour
245
0
_a
Introduction To Polymer Chemistry
260
_b
Mcgraw -hill
_c
1971
300
_a
437p
650
_a
Chemistry-Chemistry
942
_c
BK
999
_c
2302
_d
2302